| 000 | 00000nam 2200000zi 4500 |
| 001 | 9.875966 |
| 003 | CaOODSP |
| 005 | 20221107164603 |
| 006 | m o d f |
| 007 | cr |n||||||||| |
| 008 | 190708t20192019oncak ob f000 0 eng d |
| 020 | |a9780660317724 |
| 040 | |aCaOODSP|beng|erda|cCaOODSP |
| 043 | |an-cn--- |
| 086 | 1 |aM154-122/2019E-PDF |
| 245 | 00|aPhotovoltaic ready : |bguidelines. |
| 250 | |aVersion 2.0. |
| 264 | 1|a[Ottawa] : |bNatural Resources Canada = Ressources Naturelles Canada, |c[2019] |
| 264 | 4|c©2019 |
| 300 | |a1 online resource (i, 20 pages) : |bform, illustrations |
| 336 | |atext|btxt|2rdacontent |
| 337 | |acomputer|bc|2rdamedia |
| 338 | |aonline resource|bcr|2rdacarrier |
| 500 | |aCover title. |
| 500 | |aAt head of title: Canmet Energy, Leadership in ecoInnovation. |
| 500 | |aIssued also in French under title: Prêt pour le photovoltaïque : lignes directrices. |
| 504 | |aIncludes bibliographical references. |
| 505 | 0 |aIntroduction & Key Benefits -- Technical Specifications -- Supporting Information -- What Homeowners Can Expect From a Photovolatic (PV) Ready Home -- Photovoltaic (PV) Ready Checklist and Builder's Declaration. |
| 520 | |a"The Photovoltaic (PV) Ready Guidelines describe design considerations and specify modifications builders can make to new attached and detached homes in preparation for the installation of a future large array photovoltaic system. The design considerations and modifications include the following: elements on the roof, PV and utility connection conduit installation and termination, wall space, electrical panel rating, breaker slot and network communications. Structural loading considerations are discussed in the Guidelines"--Introduction & Key Benefits, page 1. |
| 650 | 0|aBuilding-integrated photovoltaic systems|zCanada|xDesign. |
| 650 | 0|aSolar energy|zCanada. |
| 710 | 1 |aCanada. |bNatural Resources Canada, |eissuing body. |
| 710 | 2 |aCanada Centre for Mineral and Energy Technology, |eissuing body. |
| 775 | 08|tPrêt pour le photovoltaïque : |w(CaOODSP)9.875967 |
| 795 | |tPhotovoltaic ready guidelines |b2018|w(CaOODSP)9.845093 |
| 856 | 40|qPDF|s4.14 MB|uhttps://publications.gc.ca/collections/collection_2021/rncan-nrcan/M154-122-2019-eng.pdf |